000 01608nam a2200253 a 4500
001 000043305
005 20201002040814.0
008 110517s2013 dr f001 0 spa d
020 _a9789945141085
040 _aDO-SdBNP
_bspa
_cBNPHU
082 _a342.729302
_bR426c, 2013
110 1 _aRepública Dominicana.
_9447
240 1 0 _aConstitución (2010)
245 1 0 _aConstitución de la República Dominicana :
_bproclamada el 26 de enero del año 2010.
260 _aSanto Domingo :
_bTribunal Constitucional
_bCorripio,
_c2013.
300 _a121 p. ;
_c24 cm.
500 _aPublicada en la gaceta oficial no. 10561,del 26 de enero 2010
500 _aIncluye índice temático
505 0 _gPreámbulo --
_tDe la Nación, del Estado, de su gobierno y de sus principios fundamentales --
_tDe la nación, de su soberanía y su gobierno
_tEl estado social y democrático de derecho --
_tDel territorio nacional --
_tDe la conformación del territorio nacional --
_tDel Régimen de seguridad y desarrollo fronterizo
_tDe la división político administrativa --
_tDe los recursos naturales --
_tDe la población --
_tDe la nacionalidad --
_tDe la ciudadanía --
_tDel régimen de extrajería
_tDe las Fuerzas Armadas, de la Policía Nacional y de la Seguridad y Defensa --
_tDe los Estados de Excepción --
_tDe las Reformas Constitucionales --
_gDisposiciones generales y transitorias --
_gFirmas.
590 _aInventariado, 2018/ YL
651 4 _aRepública Dominicana
_xConstitución (2010{Rpara}
_935654
651 4 _aRepública Dominicana
_zDerecho Constitucional
_9449
910 _aValidado. Control de calidad MFF
999 _c42794
_d42794